000 00312 a2200145 4500
001 194247
020 _a978-85-08-18152-0
040 _cMagnum
100 _aFrança, Mary
240 1 0 _aQue bicho será ?
_lpor
245 1 0 _aQue bicho será ?
362 0 _a2016
697 _aLITERATURA INFANTIL
942 _cBK
999 _c194247
_d194247